Urbanismo prehispánico e hispanoamericano en México (Registro nro. 1547)

Detalles MARC
000 -LEADER
fixed length control field 00643 a2200193 4500
001 - CONTROL NUMBER
control field 27122
005 - DATE AND TIME OF LATEST TRANSACTION
control field 20260407155548.0
008 - FIXED-LENGTH DATA ELEMENTS--GENERAL INFORMATION
fixed length control field 260407a1986 arg spa d
003 - CONTROL NUMBER IDENTIFIER
control field AR-UNSa-BCEJYS
040 ## - CATALOGING SOURCE
Original cataloging agency AR-UNSa-BCEJYS
Language of cataloging spa
Transcribing agency AR-UNSa-BCEJYS
080 ## - UNIVERSAL DECIMAL CLASSIFICATION NUMBER
Universal Decimal Classification number 711(72)
Common auxiliary subdivision Urbanismo en México
020 ## - INTERNATIONAL STANDARD BOOK NUMBER
International Standard Book Number 84-7088-425-5
100 1# - MAIN ENTRY--PERSONAL NAME
Personal name Rodríguez Alpuche, Adrián
245 10 - TITLE STATEMENT
Title Urbanismo prehispánico e hispanoamericano en México
Name of part/section of a work desde sus orígenes hasta la independencia
264 #1 - PRODUCTION, PUBLICATION, DISTRIBUTION, MANUFACTURE, AND COPYRIGHT NOTICE
Place of production, publication, distribution, manufacture Madrid :
Name of producer, publisher, distributor, manufacturer Instituto de Estudios de Administración Local
Date of production, publication, distribution, manufacture, or copyright notice 1986
300 ## - PHYSICAL DESCRIPTION
Extent 423 p.
Dimensions 21 cm.
590 ## - LOCAL NOTE (RLIN)
Local note niveau_biblio:m niveau_hierar:0
942 ## - ADDED ENTRY ELEMENTS (KOHA)
Koha item type
Existencias
Withdrawn status Lost status Damaged status Not for loan Home library Current library Shelving location Date acquired Total checkouts Full call number Barcode Date last seen Price effective from Koha item type
        Biblioteca Prof. Eusebio Cleto del Rey Biblioteca Prof. Eusebio Cleto del Rey   07/04/2026   711(72) R696 L58229 07/04/2026 07/04/2026 Libro